000
00281nam a2200109Ia 4500
001
588704
005
20250717120836.0
008
250717s9999 xx 000 0 und d
245
0
_a
Y-5 SORULARLA SELÇUKLU TARİHİ
_c
AYDIN USTA
260
_b
YEDİTEPE YAYINLARI
_c
2020
300
_b
256
999
_c
588704
_d
588704